[Event "IND-ch U16"]
[Site "New Delhi"]
[Date "2022.03.06"]
[Round "5"]
[White "Colaco, Reuben"]
[Black "Harshad, S."]
[Result "0-1"]
[WhiteElo "1627"]
[BlackElo "2328"]
[PlyCount "100"]
[EventDate "2022.03.04"]
[EventType "swiss"]
[EventRounds "9"]
[EventCountry "IND"]
[SourceTitle "CBM 207 Extra"]
[Source "ChessBase"]
[SourceDate "2022.05.31"]
[SourceVersion "1"]
[SourceVersionDate "2022.05.31"]
[SourceQuality "1"]

1. e4 c5 2. Nf3 d6 3. d3 g6 4. g3 Bg7 5. Bg2 Nc6 6. c3 Nf6 7. 0-0 0-0 8. Nh4 d5 9. f4 dxe4 10. dxe4 Qxd1 11. Rxd1 e5 12. Re1 b6 13. Nf3 Re8 14. Nbd2 Ba6 15. Nxe5 Nxe5 16. fxe5 Rxe5 17. Nf3 Rxe4 18. Rxe4 Nxe4 19. Nd2 f5 20. Nxe4 fxe4 21. Bxe4 Re8 22. Bd5+ Kh8 23. Bf4 Re2 24. Rd1 Rxb2 25. Bb3 Bxc3 26. Rd8+ Kg7 27. Rd7+ Kf8 28. Rxa7 c4 29. Bh6+ Kg8 30. Rxa6 Bd4+ 31. Kf1 cxb3 32. axb3 Rxh2 33. Bf4 Rb2 34. Ra4 Bc5 35. Ra8+ Kf7 36. Ra7+ Kf6 37. Rxh7 Rxb3 38. Ke2 Kf5 39. Rf7+ Ke4 40. Rf6 Rb2+ 41. Ke1 Kd3 42. Kf1 Rf2+ 43. Ke1 Rg2 44. Be5 Re2+ 45. Kd1 Rxe5 46. Rxg6 b5 47. Rg8 b4 48. Kc1 Bd4 49. Kb1 b3 50. Rd8 Re1# 0-1

[Event "IND-ch U16"]
[Site "New Delhi"]
[Date "2022.03.05"]
[Round "3"]
[White "Mrithyunjay, Mahadevan"]
[Black "Colaco, Reuben"]
[Result "0-1"]
[WhiteElo "1993"]
[BlackElo "1627"]
[PlyCount "96"]
[EventDate "2022.03.04"]
[EventType "swiss"]
[EventRounds "9"]
[EventCountry "IND"]
[SourceTitle "CBM 207 Extra"]
[Source "ChessBase"]
[SourceDate "2022.05.31"]
[SourceVersion "1"]
[SourceVersionDate "2022.05.31"]
[SourceQuality "1"]

1. e4 c5 2. Nf3 d6 3. d4 cxd4 4. Nxd4 Nf6 5. Nc3 a6 6. Bg5 Nbd7 7. Bc4 Qc7 8. Bb3 g6 9. h4 h6 10. Be3 b5 11. h5 g5 12. a4 b4 13. Nd5 Nxd5 14. Bxd5 Bb7 15. Qd2 Nf6 16. Bxb7 Qxb7 17. f3 e6 18. Nb3 Rc8 19. Rc1 d5 20. Bd4 Be7 21. e5 Nd7 22. Qe3 Bd8 23. Nc5 Nxc5 24. Bxc5 Qc6 25. Bxb4 Qxa4 26. c3 Qb5 27. Qe2 Qxb4 28. cxb4 Rxc1+ 29. Kd2 Rxh1 30. Qxa6 0-0 31. Qa7 Rxh5 32. b5 Rh2 33. Qg1 Rh4 34. g4 Bc7 35. f4 Kh7 36. Qc5 Rxg4 37. Qxf8 Rxf4 38. b4 g4 39. Qc5 Bxe5 40. b6 g3 41. Ke1 Kg7 42. Kd2 g2 43. Qe3 Re4 44. Qg1 Rg4 45. b7 h5 46. Qe3 Bd6 47. Qg1 h4 48. Qa1+ d4 0-1